The Role and Function of a Bond Security Agent – Problems and Challenges
V tomto príspevku sú analyzované problémy a výzvy odvodené z nedostatočnej alebo nejasnej regulácie a jej dopadu na fungovanie agenta dlhopisov v praxi. Návrhy legislatívnych zmien.
Guardado en:
| Autor principal: | |
|---|---|
| Formato: | Capítulo de libro |
| Lenguaje: | inglés |
| Materias: | |
| Etiquetas: |
Sin Etiquetas, Sea el primero en etiquetar este registro!
|
MARC
| LEADER | 00000naa$a2200000$$$4500 | ||
|---|---|---|---|
| 001 | 0280853 | ||
| 005 | 20250707084026.3 | ||
| 041 | 0 | |a eng | |
| 044 | |a RO | ||
| 245 | 1 | 0 | |a The Role and Function of a Bond Security Agent – Problems and Challenges |c Martin Winkler |
| 520 | |a V tomto príspevku sú analyzované problémy a výzvy odvodené z nedostatočnej alebo nejasnej regulácie a jej dopadu na fungovanie agenta dlhopisov v praxi. Návrhy legislatívnych zmien. | ||
| 610 | 2 | 0 | |a dlhopisy |
| 610 | 2 | 0 | |a právo záložné |
| 610 | 2 | 0 | |a konflikt záujmov |
| 610 | 2 | 0 | |a zodpovednosť právna |
| 100 | 1 | |a Winkler, Martin, 1975- | |